00736nam a22002412a 450000100060000000300080000600500170001400800410003102000150007203500190008704000320010604100080013808200210014624501140016726000320028130000330031350400500034665000150039665000120041170000370042370000180046083000160047814493BD-RjUL20211208235634.0140206s1981 enka b 001 0 eng d a0333246691 a(BD-RjUL)14545 aUIUcUIUdEQOdBD-RjULbeng aeng a657.48bINT 198100aIntroduction to accountancy and finance /cR.J. Briston ; contributors, R.J. Briston, J.R. Davies... [et al.] aLondon :bMacmillan,cc1981 axiv, 663 p. :bill. ;c25 cm aIncludes bibliographical references and index 0aAccounting 0aFinance1 aBriston, R. J.q(Richard Jeremy)1 aDavies, J. R. 0aICMA series